Výroba, použití a vlastnosti pocínovaného plechu a možnosti jeho náhrady /

Hlavní autor: Wiesner, František, 1893-1970
Další autoři: Zezulová, M.
Jazyk: Čeština
Vydáno: Praha : Výzkumný ústav hutnictví železa, 1964
Edice: Hutnické aktuality (Výzkumný ústav hutnictví železa)
Fyzický popis: 44 s.
Knihy
Uloženo v:
LEADER 00902nam a2200229 a 4500
001 000661406
003 CZ BrMZK
005 20100127112213.0
008 030312s1964 xr f cze d
040 |a BOA001  |b cze  |c BOA001 
080 |a 669.68:669-415  |2 MRF 
100 1 |a Wiesner, František,  |d 1893-1970  |7 mzk2002160634  |4 aut 
245 1 0 |a Výroba, použití a vlastnosti pocínovaného plechu a možnosti jeho náhrady /  |c František Wiesner, M. Zezulová 
260 |a Praha :  |b Výzkumný ústav hutnictví železa,  |c 1964 
300 |a 44 s. 
490 1 |a Hutnické aktuality ;  |v roč. 5, č. 6 
504 |a Bibliografie na s. 41-44 
700 1 |a Zezulová, M.  |7 mzk2010473993  |4 aut 
830 0 |a Hutnické aktuality (Výzkumný ústav hutnictví železa) 
910 |a BOA001  |b TK-A-0123.426 
990 |a BK 
996 7 |b 2629946803  |c TK-A-0123.426  |l MZK  |r Sklad / do 24 hodin  |n 2  |w 000661406  |u 000010  |a 1  |e BOA001  |j MZK50  |s A